Normal view
MARC view
Entry Personal Name
001 - CONTROL NUMBER
- control field: 862637
003 - CONTROL NUMBER IDENTIFIER
- control field: OSt
005 - DATE AND TIME OF LATEST TRANSACTION
- control field: 20260107142424.0
008 - FIXED-LENGTH DATA ELEMENTS
- fixed length control field: 260107|| aca||aabn | a|a d
040 ## - CATALOGING SOURCE
- Original cataloging agency: OSt
- Transcribing agency: OSt
100 ## - HEADING--PERSONAL NAME
- Personal name: गुरुजी, साने
670 ## - SOURCE DATA FOUND
- Source citation: Work cat.: (OSt)1467136: गुरुजी, साने , भारतीय संस्कृति: प्राचीन स्वरूप की नवीन एवं लोकोपयोगी व्याख्या , 2018
